UCB Corporate Services Ltd v Halifax (SW) Ltd and another (Record no. 100467)

MARC details
000 -LEADER
fixed length control field 01443cam a2200217 4500
008 - FIXED-LENGTH DATA ELEMENTS--GENERAL INFORMATION
fixed length control field 000000n2000 000 0 eng u
035 ## - SYSTEM CONTROL NUMBER
System control number (Sirsi) u105755
245 ## - TITLE STATEMENT
Title UCB Corporate Services Ltd v Halifax (SW) Ltd and another
260 ## - PUBLICATION, DISTRIBUTION, ETC.
Date of publication, distribution, etc. 2000
490 ## - SERIES STATEMENT
Series statement Estates Gazette
Volume/sequential designation [2000] 16 EG 137-143(7)
520 ## - SUMMARY, ETC.
Summary, etc. CA 17 February 2000. On 30 April 1999 second respondent surveyor on instructions of appellant bank U made a valuation of commercial premises for mortgage loan purposes. The report gave the open market value of the freehold as £665,000 on a 90-day sale basis with U as mortgagees in possession. U made a loan of £532,000 based on the valuation. Mortgagor fell into arrears and U took possession. They expected to sell the property for £325,000. U claimed for negligence. CA upheld CC's decision that the valuation was not negligent on the grounds that the actual open market value was £644,000 and that the appropriate margin of error was 10%. Held that it was reasonable for the second respondent not to have made a discount to allow for a 90-day sale by a mortgagee in possession. Appeal dismissed.
590 ## - LOCAL NOTE (RLIN)
Local note ABS
650 ## - SUBJECT ADDED ENTRY--TOPICAL TERM
Topical term or geographic name entry element UCB CORPORATE SERVICES PLC V HALIFAX (SW) LTD (IN LIQUIDATION)
650 ## - SUBJECT ADDED ENTRY--TOPICAL TERM
Topical term or geographic name entry element NEGLIGENCE
650 ## - SUBJECT ADDED ENTRY--TOPICAL TERM
Topical term or geographic name entry element MORTGAGE VALUATION
650 ## - SUBJECT ADDED ENTRY--TOPICAL TERM
Topical term or geographic name entry element VALUERS
650 ## - SUBJECT ADDED ENTRY--TOPICAL TERM
Topical term or geographic name entry element SURVEYORS
650 ## - SUBJECT ADDED ENTRY--TOPICAL TERM
Topical term or geographic name entry element MARGIN OF ERROR
690 ## - LOCAL SUBJECT ADDED ENTRY--TOPICAL TERM (OCLC, RLIN)
Topical term or geographic name as entry element PROFESSIONAL PRACTICE-NEGLIGENCE-CASE LAW
942 ## - ADDED ENTRY ELEMENTS (KOHA)
Suppress in OPAC 0
Holdings
Withdrawn status Lost status Source of classification or shelving scheme Damaged status Not for loan Home library Current library Shelving location Date acquired Total Checkouts Full call number Barcode Date last seen Copy number Price effective from Koha item type
    Dewey Decimal Classification     London London Journal article 03/05/2000   ABS62239 105755-1001 06/08/2019 1 06/08/2019 Law report